| 000 | 00541nam a2200193 a 4500 | ||
|---|---|---|---|
| 001 | 1773825107519 | ||
| 003 | YourLibrary | ||
| 005 | 20260318144535.0 | ||
| 008 | 260318s2001##################000#0#eng## | ||
| 020 | _a9780195650921 | ||
| 082 | 0 | 4 | _a362.11068TAB |
| 100 | 1 |
_aTabish, Syed Amin, _eauthor. |
|
| 245 | 1 | 0 | _aHospital and Health Services Administration : |
| 260 |
_bOxford University Press, USA, _c2001. |
||
| 300 | _a968 pages | ||
| 650 | 0 | _aBusiness & Economics. | |
| 942 | _cENGLISH | ||
| 040 |
_aYourLibrary _beng _cYourLibrary |
||
| 999 |
_c617875 _d617875 |
||